Kultúrna vegetácia v krajine

Vymedzenie vegetácie a kultúrnej vegetácie. Podstata kultúrnej krajiny a kultúrnej vegetácie. Aktivity človeka a premeny krajiny Slovenska. Zdroje a využiteľnosť kultúrnej flóry.

Gespeichert in:
Bibliographische Detailangaben
1. Verfasser: Supuka, Ján
Format: Buchkapitel
Sprache:Slowakisch
Schlagworte:
Tags: Tag hinzufügen
Keine Tags, Fügen Sie das erste Tag hinzu!

MARC

LEADER 00000naa a2200000 4500
001 r040191
005 20230928074025.8
041 0 |a slo 
044 |a SK 
245 1 0 |a Kultúrna vegetácia v krajine  |c Ján Supuka 
520 |a Vymedzenie vegetácie a kultúrnej vegetácie. Podstata kultúrnej krajiny a kultúrnej vegetácie. Aktivity človeka a premeny krajiny Slovenska. Zdroje a využiteľnosť kultúrnej flóry. 
610 2 0 |a zdroje prírodné 
610 2 0 |a pôda 
610 2 0 |a prostredie prírodné 
610 2 0 |a pestovanie lesa 
610 2 0 |a drevo 
610 2 0 |a urbanizácia 
610 2 0 |a poľnohospodárstvo 
610 2 0 |a Slovensko 
100 1 |a Supuka, Ján